Statystyki dla Izrael - Prawda czy Fałsz?

Kliknij tutaj aby rozwiązać quiz!

Ogólne statystyki

  • Ten quiz został rozwiązany 81 razy
  • Średni wynik to 10 z 15

Statystyki odpowiedzi

ZagadnienieOdpowiedź% Poprawnych
Chociaż Jerozolima jest oficjalną stolicą Izraela, większość zagranicznych ambasad znajduje się w Tel Awiwie.Prawda
96%
Zarówno mężczyźni, jak i kobiety mogą być powoływani do służby w izraelskim wojsku.Prawda
88%
Uważa się, że Izrael posiada broń jądrową.Prawda
82%
Egipt, Jordania i Syria najechały na IzraelPrawda
78%
Arabski jest najczęściej używanym językiem w IzraeluFałsz
75%
Turyści odwiedzający dzisiejszy Izrael mogą odwiedzić Nazaret, miejsce dzieciństwa Jezusa.Prawda
75%
Brzegi Morza Martwego mają najniższą wysokość nad poziomem morza spośród wszystkich miejsc na ziemi.Prawda
74%
Aktorka Gal Gadot jest Izraelką.Prawda
71%
Mossad to nazwa izraelskiego parlamentu.Fałsz
69%
Ponad 90% Żydów na świecie mieszka w Izraelu.Fałsz
69%
Izrael ma jedną z najwyższych na świecie średnich długości życia.Prawda
65%
Krzyżowcom nigdy nie udało się skutecznie zdobyć Jerozolimy.Fałsz
54%
Populacja ultraortodoksyjnych Żydów w Izraelu gwałtownie się kurczy.Fałsz
49%
Związek Radziecki był przeciwny utworzeniu Izraela w 1947r.Fałsz
40%
Mówi się, że król Dawid zbudował pierwszą świątynię.Fałsz
34%

Rozkład punktacji

Percentyl według liczby udzielonych odpowiedzi

Procent ludzi z każdym wynikiem

Twoja historia wyników

Nie rozwiązałeś tego quizu